000 00478nam a2200169Ia 4500
999 _c36236
_d36236
003 OSt
005 20201207103238.0
008 190216s9999||||xx |||||||||||||| ||und||
020 _a0706986423
040 _coclc
082 _a025.52
_bKUM/R
100 _aKumar, Krishan
_97227
245 0 _aReference Service /
_cKrishan Kumar
260 _bVikas Publications,
_c1982.
_aNew Delhi:
300 _a431p
942 _cREF
_2ddc
_h025.52
_iKUM/R
_k025.52
_mKUM/R